[Event "Natal op"]
[Site "Natal"]
[Date "2013.09.06"]
[Round "1"]
[White "Avelino, Thiago Cesar Costa"]
[Black "Santiago, Yago de Moura"]
[Result "0-1"]
[WhiteElo "1734"]
[BlackElo "2401"]
[PlyCount "40"]
[EventDate "2013.09.06"]
[EventType "swiss"]
[EventRounds "6"]
[EventCountry "BRA"]
[SourceTitle "EXT 2016"]
[Source "ChessBase"]
[SourceDate "2015.10.08"]
[SourceVersion "1"]
[SourceVersionDate "2015.10.08"]
[SourceQuality "1"]

1. d4 d5 2. c4 Nc6 3. Nc3 Nf6 4. Nf3 Bg4 5. Bf4 Bxf3 6. gxf3 e6 7. e4 dxe4 8. d5 e5 9. Bg3 Nd4 10. fxe4 Nd7 11. f4 Qf6 12. Bh3 exf4 13. Bxd7+ Kxd7 14. Qg4+ Ke8 15. 0-0 g5 16. Rad1 h5 17. Qh3 g4 18. Rxf4 Qxf4 19. Bxf4 gxh3 20. Rxd4 Bc5 0-1